Normal view
MARC view
Entry Personal Name
001 - CONTROL NUMBER
- control field: 15610
003 - CONTROL NUMBER IDENTIFIER
- control field: ARRUPE
005 - DATE AND TIME OF LATEST TRANSACTION
- control field: 20150226182250.0
008 - FIXED-LENGTH DATA ELEMENTS
- fixed length control field: 150226|| aca||aabn | a|a d
040 ## - CATALOGING SOURCE
- Original cataloging agency: ARRUPE
- Transcribing agency: ARRUPE
100 ## - HEADING--PERSONAL NAME
- Personal name: Cochrane, Arthur C.
670 ## - SOURCE DATA FOUND
- Source citation: Work cat.: (ARRUPE)0: Cochrane, Arthur C., The church's confession under Hitler /, 1976.